| 000 | 00695nam a22002297a 4500 | ||
|---|---|---|---|
| 003 | UA-OsUOA | ||
| 001 | 69222 | ||
| 007 | ta | ||
| 008 | 20100614b un ||||| |||| 00| 0 ukr d | ||
| 090 |
_a343.7 _bК16 |
||
| 942 | _cBK | ||
| 040 |
_aUA-OsUOA _brus _cUA-OsUOA _dUA-OsUOA |
||
| 245 |
_aКак не стать жертвой преступления, мошенничества, обмана _bсоветы профессионалов |
||
| 300 | _a192 с. | ||
| 955 | _a4 | ||
| 041 | _arus | ||
| 080 | _a343.7 | ||
| 020 | _a5-85190-003-2 | ||
| 260 |
_aСПб _bТекарт _c1995 |
||
| 650 | 7 |
_a343 Кримінальне право. Карні порушення _2UDC |
|
| 999 |
_c355482 _d355482 |
||